Formule 1 - Rookies de l'année - Statistiques

Statistiques générales
  • Ce quiz a été pris 92 fois
  • Le résultat moyen est 3 sur 5
Statistiques - réponses
Années Pilotes % Correct
2018 Charles Leclerc
97%
2023 Oscar Piastri
74%
2015 Max Verstappen
72%
2019 Alexander Albon
62%
2014 Daniil Kvyat
20%
Aucun quiz correspondant
Distribution des résultats
% des personnes avec chaque résultat
Percentile par nombre de réponses
Votre historique - résultats
Vous n’avez pas pris ce quiz